Statistics for Greek Mythology

Click here to take the quiz!

General Stats

  • This quiz has been taken 190 times
  • The average score is 10 of 15

Answer Stats

HintAnswer% Correct
God of the seaPoseidon
100%
Goddess of loveAphrodite
97%
Goddess of marriageHera
89%
God of the skyZeus
86%
Goddess of springtimePersephone
74%
God of the wildPan
73%
Killed the minotaurTheseus
73%
Titan of the sunHelios
70%
Primordal goddess of the nightNyx
67%
Titan of the moonSelene
59%
Titan of magicHecate
58%
Son of the aboveTriton
51%
Mother of CronusGaia
49%
Wife of the aboveAmphitrite
45%
Goddess of childbirthEileithyia
17%

Score Distribution

Percentile by Number Answered

Percent of People with Each Score

Your Score History

You have not taken this quiz